Sports Quiz

Random Sports or MLB Quiz

MLB Best Hitting Seasons by Team (2000s) Quiz Stats

Quiz Updated Sep 30, 2014

Also try: Baseball Blitz
Challenge
Share
Tweet
Embed
Score 0/150 Timer 13:00
0 Plays Today
% Correct
Chipper Jones
93.9%
Andruw Jones
93.6%
David Ortiz
92.4%
David Ortiz
92.4%
Alex Rodriguez
92.3%
Alex Rodriguez
92.3%
Alex Rodriguez
92.3%
Alex Rodriguez
92.3%
Alex Rodriguez
92.3%
Alex Rodriguez
92.3%
Alex Rodriguez
92.3%
Manny Ramirez
89.8%
Hanley Ramirez
89.6%
Hanley Ramirez
89.6%
Luis Gonzalez
89.5%
Luis Gonzalez
89.5%
Luis Gonzalez
89.5%
Luis Gonzalez
89.5%
Albert Pujols
89.4%
Albert Pujols
89.4%
Albert Pujols
89.4%
Albert Pujols
89.4%
Juan Gonzalez
89.1%
Barry Bonds
87.8%
Barry Bonds
87.8%
Barry Bonds
87.8%
Barry Bonds
87.8%
Sammy Sosa
87.2%
Sammy Sosa
87.2%
Sammy Sosa
87.2%
Derek Jeter
87.1%
Ryan Howard
87.1%
Ryan Howard
87.1%
Prince Fielder
86.8%
Prince Fielder
86.8%
Joe Mauer
85.4%
Todd Helton
83.8%
Todd Helton
83.8%
Todd Helton
83.8%
Todd Helton
83.8%
Miguel Cabrera
81%
Miguel Cabrera
81%
Adam Dunn and Brandon Phillips
78.8%
Jeff Bagwell
78.4%
Jeff Bagwell
78.4%
Adam Dunn
78%
Ryan Braun
78%
Ryan Braun
78%
Justin Morneau
77.6%
Justin Morneau
77.6%
% Correct
Chase Utley
77%
Chase Utley
77%
Vladimir Guerrero
76.3%
Vladimir Guerrero
76.3%
Vladimir Guerrero
76.3%
Vladimir Guerrero
76.3%
Jimmy Rollins
75.3%
David Wright
74.8%
David Wright
74.8%
Ichiro Suzuki
74.6%
Ichiro Suzuki
74.6%
Jim Thome
73.3%
Carlos Beltran
72.8%
Carlos Beltran
72.8%
Lance Berkman
71.7%
Jose Reyes
71.2%
Derrek Lee
71.1%
Jason Giambi
69.1%
Jason Giambi
69.1%
Jason Giambi
69.1%
Jason Giambi
69.1%
Carlos Delgado
68.7%
Frank Thomas
68.2%
Frank Thomas
68.2%
Carl Crawford
66.3%
Carl Crawford
66.3%
Carlos Pena
66.1%
Carlos Pena
66.1%
Ken Griffey Jr.
65.5%
Alfonso Soriano
63.9%
Alfonso Soriano
63.9%
Alfonso Soriano
63.9%
Carlos Delgado
62%
Carlos Delgado
62%
Michael Young
61.9%
Magglio Ordonez
61.8%
Magglio Ordonez
61.8%
Miguel Tejada
61.5%
Miguel Tejada
61.5%
Juan Pierre
61.2%
Juan Pierre
61.2%
Juan Pierre
61.2%
Jacoby Ellsbury
58.6%
Johnny Damon
55.6%
Johnny Damon
55.6%
Johnny Damon
55.6%
Brian Roberts
55%
Dave Roberts
54.9%
Dave Roberts
54.9%
Scott Podsednik
54.6%
% Correct
Adrian Beltre
52.7%
Jermaine Dye
52.5%
Jermaine Dye
52.5%
Shawn Green
50%
Shawn Green
50%
Shawn Green
50%
Nomar Garciaparra
49.9%
Alfonso Soriano
48%
Troy Glaus
47.8%
Vernon Wells
46.2%
Grady Sizemore
42.1%
Chone Figgins
40.1%
Gary Sheffield
39.8%
Mike Sweeney
39.7%
Mike Sweeney
39.7%
Michael Bourn
39.5%
Curtis Granderson
39.1%
Brian Giles
37.8%
Brian Giles
37.8%
Brian Giles
37.8%
Rafael Furcal
37.7%
Rafael Furcal
37.7%
Mark Teixeira
36.7%
Melvin Mora
34.3%
Melvin Mora
34.3%
Jose Cruz Jr. and Alex Rios
33.9%
Freddy Sanchez
32.5%
Rajai Davis
32.4%
Scott Podsednik
31.9%
Brett Boone
29.3%
Darin Erstad
26.6%
Preston Wilson
24.8%
Phil Nevin
22.9%
Phil Nevin
22.9%
Chris Duffy
21%
Edgar Renteria
20.3%
Roberto Alomar
19.8%
Michael Cuddyer
19.5%
Elvis Andrus
18.9%
Moises Alou
17.9%
Carlos Gomez
17.3%
Willy Taveras
16%
Sean Casey
12.5%
Eric Byrnes
11.8%
Jason Bartlett
11.2%
Ray Durham
10%
Mark Loretta
9.5%
Mark Loretta
9.5%
Ryan Freel
8.8%
Roger Cedeno
5.3%

You're not logged in!

Compare scores with friends on all Sporcle quizzes.
Sign Up with Email
OR
Log In

You Might Also Like...

Show Comments

Extras

Top Quizzes Today


Score Distribution

Your Account Isn't Verified!

In order to create a playlist on Sporcle, you need to verify the email address you used during registration. Go to your Sporcle Settings to finish the process.